FC Augsburg Squad 2015-2016 - Statistics

General Stats
  • This quiz has been taken 13 times
  • The average score is 19 of 38
Answer Stats
# Position Nation Player % Correct
27 FW Iceland Alfreð Finnbogason
92%
35 GK Switzerland Marwin Hitz
92%
1 GK Austria Alexander Manninger
83%
7 MF Turkey Halil Altıntop
83%
5 DF Estonia Ragnar Klavan
83%
30 FW Brazil Caiuby
75%
10 MF Germany Daniel Baier
75%
22 FW South Korea Dong-won Ji
75%
2 DF Netherlands Paul Verhaegh
75%
19 MF South Korea Ja-cheol Koo
67%
14 MF Czech Republic Jan Morávek
67%
6 DF Netherlands Jeffrey Gouweleeuw
67%
- Coach Germany Markus Weinzierl
67%
25 FW Paraguay Raúl Bobadilla
67%
13 FW Germany Tobias Werner
67%
4 DF Ghana Daniel Opare
58%
24 GK Greece Ioannis Gelios
58%
3 DF Greece Konstantinos Stafylidis
58%
18 DF Germany Jan-Ingwer Callsen-Bracker
50%
20 DF South Korea Jeong-ho Hong
50%
31 DF Germany Philipp Max
50%
23 FW Slovenia Tim Matavž
50%
11 FW Germany Alexander Esswein
42%
8 MF Germany Markus Feulner
42%
33 FW Germany Sascha Mölders
42%
15 MF Germany Piotr Trochowski
33%
17 FW Switzerland Albian Ajeti
25%
21 MF Germany Dominik Kohr
25%
36 FW Germany Erik Thommy
25%
32 DF Germany Raphael Framberger
25%
9 FW Germany Shawn Parker
25%
37 FW Turkey Arif Ekin
17%
26 FW Germany Bastian Kurz
17%
16 DF Germany Christoph Janker
17%
29 MF Germany Marco Schuster
17%
34 MF Italy Max Reinthaler
17%
39 MF Germany Maik Uhde
8%
40 DF Germany Tim Rieder
8%
No matching quizzes found
Score Distribution
Percent of People with Each Score
Percentile by Number Answered
Your Score History
You have not taken this quiz